00000000nam##2200000za#4500
0019.600958
003CaOODSP
00520220901164721
007cr |||||||||||
008150406|1995||||xxc|||||o    f|0| 0 fre|d
040 |aCaOODSP|bfre
043 |an-cn---
0861 |aJ3-8/1995-11F-PDF
1101 |aCanada.|bJustice Canada.
24510|aLes crimes motivés par la haine au Canada : |h[ressource électronique]|bun préjudice disproportionné : un analyse des statistiques récentes / |c[par] Julian V. Roberts.
260 |aOttawa - Ontario : |bJustice Canada |c1995.
300 |a101p.|btableaux
4901 |aDocument de travail|vWD1995-11f
504 |aBibliographie.
590 |a11-07-Supp|b2011-05-17
7201 |aRoberts, Julian V.
77508|tDisproportionate harm : |w(CaOODSP)9.570198
830#0|aDocument de travail ;|vWD1995-11f|w(CaOODSP)9.502069
85640|ahttp://publications.gc.ca|qPDF|s230 Ko|uhttps://publications.gc.ca/collections/collection_2011/jus/J3-8-1995-11-fra.pdf|yWD1995-11f